Pre-felling pressure injection of the ubber tree Hevea brasiliensis for rubber wood preservation (Record no. 65477)

MARC details
000 -LEADER
fixed length control field 00473nam a2200157Ia 4500
100 ## - MAIN ENTRY--AUTHOR NAME
Personal name Thankamma L
245 #0 - TITLE STATEMENT
Title Pre-felling pressure injection of the ubber tree Hevea brasiliensis for rubber wood preservation
260 ## - PUBLICATION, DISTRIBUTION, ETC. (IMPRINT)
Name of publisher Wood News
Year of publication 2002
300 ## - PHYSICAL DESCRIPTION
Number of Pages 42-45
650 ## - SUBJECT ADDED ENTRY--TOPICAL TERM
Topical Term Hevea brasiliensis
650 ## - SUBJECT ADDED ENTRY--TOPICAL TERM
Topical Term Pre-felling pressure injection
650 ## - SUBJECT ADDED ENTRY--TOPICAL TERM
Topical Term Rubber wood
650 ## - SUBJECT ADDED ENTRY--TOPICAL TERM
Topical Term Rubber wood preservation
942 ## - ADDED ENTRY ELEMENTS (KOHA)
Koha item type Journals
Holdings
Withdrawn status Lost status Damaged status Not for loan Home library Current library Shelving location Date acquired Serial Enumeration / chronology Koha item type
      Journals RRII Library RRII Library Rubber general 27/02/2003 Volume 12, Issue 3 Journals